[Event "Mediterranean-ch 13th"]
[Site "Platja d'Aro"]
[Date "2023.11.05"]
[Round "2"]
[White "Vinolas Anglada, Laura"]
[Black "Burset Camps, Guillem"]
[Result "1-0"]
[WhiteElo "1855"]
[BlackElo "1409"]
[PlyCount "63"]
[EventDate "2023.11.04"]
[EventType "swiss"]
[EventRounds "9"]
[EventCountry "ESP"]
[SourceTitle "CB46_2023"]
[SourceDate "2023.11.15"]
[SourceVersion "1"]
[SourceVersionDate "2023.11.15"]
[SourceQuality "1"]

1. e4 e6 2. d4 d5 3. Nc3 c5 4. exd5 exd5 5. Nf3 Be6 6. Bf4 c4 7. Be2 Nf6 8. 0-0 Bd6 9. Bxd6 Qxd6 10. b3 0-0 11. Qd2 Nbd7 12. Rfd1 cxb3 13. axb3 a6 14. h3 Rac8 15. Bd3 Qb4 16. Ne2 Qxd2 17. Nxd2 Nb6 18. Rdc1 Rc7 19. Nf1 Nc8 20. Ne3 Nd6 21. Ra5 Rfc8 22. Nf4 Rc3 23. Rd1 R3c6 24. Nfxd5 Nxd5 25. Nxd5 Kf8 26. Ne3 Bd7 27. c4 Ne8 28. Be4 Rb6 29. Rb1 Rb4 30. Nd5 Rcxc4 31. bxc4 Rxb1+ 32. Bxb1 1-0

[Event "Foment Martinenc op-A 23rd"]
[Site "Barcelona"]
[Date "2023.05.13"]
[Round "4"]
[White "Cunillera Amigo, Jose Luis"]
[Black "Vinolas Anglada, Laura"]
[Result "1-0"]
[WhiteElo "1993"]
[BlackElo "1866"]
[PlyCount "69"]
[EventDate "2023.04.22"]
[EventType "swiss"]
[EventRounds "9"]
[EventCountry "ESP"]
[SourceTitle "EXT 2024"]
[Source "ChessBase"]
[SourceDate "2023.10.10"]
[SourceVersion "1"]
[SourceVersionDate "2023.10.10"]
[SourceQuality "1"]

1. e4 e5 2. Nf3 Nc6 3. Bc4 Bc5 4. c3 Nf6 5. d3 d6 6. Bb3 h6 7. Nbd2 0-0 8. Nf1 d5 9. Qe2 a5 10. a3 a4 11. Ba2 d4 12. Ng3 b5 13. 0-0 Re8 14. h3 Bb6 15. Nh4 Ba6 16. Rd1 Ba5 17. Bd2 Nd7 18. Nhf5 dxc3 19. Bxc3 b4 20. axb4 Nxb4 21. Qg4 Qg5 22. Nxh6+ gxh6 23. Qxd7 Nxa2 24. Bxa5 Red8 25. Qxa4 Bxd3 26. Rxa2 Rd6 27. Raa1 Rda6 28. b4 Bc4 29. Qc2 Be6 30. Qxc7 h5 31. h4 Qg6 32. Qxe5 Bg4 33. Rd8+ Rxd8 34. Bxd8 Re6 35. Qg5 1-0

[Event "Platja d'Aro op 8th"]
[Site "Platja d'Aro"]
[Date "2021.06.26"]
[Round "3"]
[White "Vinolas Anglada, Laura"]
[Black "Alvarez Albiol, Victor"]
[Result "1-0"]
[WhiteElo "1881"]
[BlackElo "2222"]
[PlyCount "87"]
[EventDate "2021.06.25"]
[EventType "swiss"]
[EventRounds "9"]
[EventCountry "ESP"]
[SourceTitle "CBM 203 Extra"]
[Source "ChessBase"]
[SourceDate "2021.09.30"]
[SourceVersion "1"]
[SourceVersionDate "2021.09.30"]
[SourceQuality "1"]

1. e4 c5 2. Nf3 d6 3. d4 cxd4 4. Nxd4 Nf6 5. Nc3 Nc6 6. Be2 e5 7. Nf3 h6 8. h3 Be7 9. 0-0 0-0 10. Re1 Be6 11. Bf1 Rc8 12. Nd5 Bxd5 13. exd5 Nb8 14. c4 Nbd7 15. Be3 a6 16. Rc1 Qa5 17. Bd2 Qc7 18. b4 Qb8 19. Bc3 b5 20. c5 dxc5 21. Nxe5 Nxe5 22. Bxe5 Qb6 23. d6 Rfd8 24. bxc5 Rxc5 25. Qd4 Rxc1 26. Qxb6 Rxe1 27. dxe7 Re8 28. Bxf6 gxf6 29. Qxa6 R8xe7 30. Qxb5 Ra1 31. Qb3 Ree1 32. Qc4 Rec1 33. Qa6 Kg7 34. g3 Rc2 35. Qa4 Raxa2 36. Qg4+ Kf8 37. Qf4 Kg7 38. Bd3 Rd2 39. Qf5 Kf8 40. Bc4 Ra1+ 41. Kg2 Kg7 42. Qg4+ Kf8 43. Qc8+ Ke7 44. Qg8 1-0